Kant`s Borlefungen Band XXVIII.V
Tallennettuna:
| Aineistotyyppi: | Tuntematon |
|---|---|
| Kieli: | englanti |
| Julkaistu: |
Berlín
De Gruyter
1968
|
| Aiheet: | |
| Tagit: |
Lisää tagi
Ei tageja, Lisää ensimmäinen tagi!
|
MARC
| LEADER | 00000 a2200000 4500 | ||
|---|---|---|---|
| 003 | CL-VaPUC | ||
| 005 | 20210924074311.0 | ||
| 008 | 200123b ||||| |||| 00| 0 eng d | ||
| 999 | |c 376465 |d 376463 | ||
| 040 | |c Pontificia Universidad Católica de Valparaíso | ||
| 082 | |a 110 KAN 1968 | ||
| 245 | |a Kant`s Borlefungen Band XXVIII.V | ||
| 260 | |b De Gruyter |c 1968 |a Berlín | ||
| 300 | |a 524 p. | ||
| 583 | |k Hugo Gaete |c 20200123 | ||
| 650 | 0 | 0 | |a Metafísica |9 265649 |
| 650 | 0 | 0 | |a Filosofía alemana |9 265002 |
| 650 | 0 | 0 | |a FILOSOFOS ALEMANES |9 611794 |
| 650 | 0 | 0 | |a Kantismo |9 311003 |
| 650 | 0 | 0 | |a Escritos |9 255895 |
| 942 | |2 ddc |c BK | ||
| 952 | |0 0 |1 0 |2 ddc |4 0 |6 110_000000000000000_KAN_1968 |7 0 |8 R |9 495888 |a BIBEDU |b BIBEDU |d 2020-01-08 |e 56 |g 124797.00 |i 5571960 |o 110 KAN 1968 |p 5571960 |r 2025-01-22 |t 1 |v 124797.00 |w 2020-01-08 |y BK |k FIL | ||